01494nam a22002177a 450000500170000000800410001704000440005804100080010208200120011010000400012224500580016226000560022030000370027649000390031350006560035250501570100850600210116565000410118665000220122765000270124920240117092102.0130419s1936 sp ||||fr|||| 000|fdspa|d aCo-BoUCMbspacSandra YazodSandra Yazo0 aspa04a8632201 aPérez Triana, Santiagod1858-191610aReminiscencias Tudescas.cPor Santiago Pérez Triana aBogotá (Colombia)bEditorial Minerva S. A. c1936 a165, [1] páginas c18 x 14 cm. 0aBiblioteca Aldeana de Colombiav16 aDetalles físicos: Sin encuadernación original. Actualmente: Encuadernación rígida (holandesa) en cartón forrado en papel jaspeado en tono azul. Lomo de tela, con letras y líneas decorativas en dorado. Cortes decorados (jaspeado azul). Guardas. Hoja de cortesía. Portada impresa en una sola tinta. Grabado con el emblema de la Colección. Texto impreso en una sola columna, con diferentes tipos y tamaños de letra. Notas de pie de página. Papel oxidado en bordes de las hojas. En la encuadernación (lomo) se indica una numeración (16). Colección Aldeana de Colombia es una selección de Samper Ortega de Literatura Colombiana.0 aSantiago Pérez Triana / Luis Eduardo Nieto Caballero ; Reminiscencias Tudescas: Irma ; Otto ; Karl ; Hans ; Herrmann ; De Profesores ; El Patent-Club. aConsulta en sala 7aCuentos colombianos ySiglo XIX - XX 7aRelatos de viajes 7aDescripciones y viajes